MARC

LEADER 00000nam0a2200000 4500
001 82847
005 20231031095902.0
035 |a (RuTPU)RU\TPU\book\89040 
090 |a 82847 
100 |a 20051007d1976 km y0rusy50 ca 
101 0 |a rus 
102 |a RU 
105 |a a z 001zy 
200 1 |a Теплофизика почв  |f А. Ф. Чудновский 
210 |a Москва  |c Наука  |d 1976 
215 |a 352 с.  |c ил. 
320 |a Библиогр.: с. 341-352 
610 1 |a сельское хозяйство 
610 1 |a почва 
610 1 |a температурный режим 
610 1 |a теплообмен 
610 1 |a теплофизика 
610 1 |a теплопроводность 
675 |a 631.436  |v 3 
700 1 |a Чудновский  |b А. Ф.  |g Абрам Филлипович 
801 1 |a RU  |b 63413507  |c 20051007  |g PSBO 
801 2 |a RU  |b 63413507  |c 20150203  |g PSBO 
942 |c BK